000 00697nam a2200241Ia 4500
003 OSt
005 20220923223950.0
006 a|||||r|||| 00| 0
007 ta
008 Pun
024 _a223,684
037 _cTextual
040 _aARTS
_cARTS
_bPun
041 _2Pun
_aPun
082 _aO153,2:g, L0
100 _aਸਿੰਘ, ਲਾਲ
245 0 _aਨਾਟਕ * ਸਿਧਾਂਤ, ਆਲੋਚਨਾ ਤੇ ਰੰਗ ਮੰਚ
260 _aਪਟਿਆਲਾ
_b ਭਾFਾ ਵਿਭਾਗ
_c1970
300 _a253ਪੰ
_ccm.
650 _aਪੰਜਾਬੀ ਸਾਹਿਤ
942 _hO153,2:g, L0
_cTEXL
_2CC
999 _c368451
_d368451